[Event "Oberliga Sued W 1819"]
[Site "Germany"]
[Date "2019.04.07"]
[Round "9.7"]
[White "Krumm, Johannes"]
[Black "Grieb, Lukas"]
[Result "1-0"]
[WhiteElo "2077"]
[BlackElo "1780"]
[PlyCount "63"]
[EventDate "2018.10.21"]
[EventType "team-tourn"]
[EventRounds "9"]
[EventCountry "GER"]
[SourceTitle "EXT 2020"]
[Source "ChessBase"]
[SourceDate "2019.10.17"]
[SourceVersion "1"]
[SourceVersionDate "2019.10.17"]
[SourceQuality "1"]
[WhiteTeam "Altenkirchen"]
[BlackTeam "Gau Algesheim"]
[WhiteTeamCountry "GER"]
[BlackTeamCountry "GER"]

1. e4 c5 2. Nf3 Nc6 3. c3 d5 4. exd5 Qxd5 5. d4 cxd4 6. cxd4 Qd8 7. d5 Nb8 8. Nc3 Nf6 9. Qb3 Nbd7 10. Be3 a6 11. Be2 g6 12. 0-0 Bg7 13. h3 0-0 14. Rfd1 Ne8 15. Ne4 Ndf6 16. Bb6 Qd7 17. Ng3 Nd6 18. Bd3 Kh8 19. Rac1 Nfe8 20. Re1 h5 21. Ng5 h4 22. Qb4 Bh6 23. Qxh4 Kg7 24. Ne6+ fxe6 25. dxe6 Qxe6 26. Rxe6 Bxe6 27. Re1 Rf6 28. Bd4 g5 29. Bxf6+ Nxf6 30. Qd4 Bxa2 31. Rxe7+ Nf7 32. Nh5+ 1-0

[Event "Oberliga Sued W 1819"]
[Site "Germany"]
[Date "2019.02.24"]
[Round "7.6"]
[White "Grieb, Lukas"]
[Black "Schluchter, Steffen"]
[Result "1/2-1/2"]
[WhiteElo "1780"]
[BlackElo "2133"]
[PlyCount "65"]
[EventDate "2018.10.21"]
[EventType "team-tourn"]
[EventRounds "9"]
[EventCountry "GER"]
[SourceTitle "EXT 2020"]
[Source "ChessBase"]
[SourceDate "2019.10.17"]
[SourceVersion "1"]
[SourceVersionDate "2019.10.17"]
[SourceQuality "1"]
[WhiteTeam "Gau Algesheim"]
[BlackTeam "Worms"]
[WhiteTeamCountry "GER"]
[BlackTeamCountry "GER"]

1. e4 c6 2. d4 d5 3. Nd2 dxe4 4. Nxe4 Nf6 5. Ng3 h5 6. Bc4 h4 7. N3e2 Bg4 8. h3 Bh5 9. Qd3 Bg6 10. Qb3 b5 11. Bd3 Bxd3 12. Qxd3 e6 13. Nf3 Nd5 14. Bd2 Nd7 15. 0-0 Be7 16. Nf4 Nxf4 17. Bxf4 Bf6 18. Rfe1 Nb6 19. Ne5 Rc8 20. Rad1 Nd5 21. Bh2 Qa5 22. c4 Ne7 23. Ng4 bxc4 24. Nxf6+ gxf6 25. Qxc4 Qd5 26. Qxd5 cxd5 27. Rc1 Kd7 28. Bf4 Nc6 29. Rc5 Nxd4 30. Ra5 Nc6 31. Rb5 e5 32. Rxd5+ Ke6 33. Rdd1 1/2-1/2

[Event "Oberliga Sued W 1718"]
[Site "Germany"]
[Date "2017.11.12"]
[Round "4.8"]
[White "Grieb, Lukas"]
[Black "Etienne, Eric"]
[Result "0-1"]
[WhiteElo "1778"]
[BlackElo "2075"]
[PlyCount "74"]
[EventDate "2017.09.10"]
[EventType "team-tourn"]
[EventRounds "11"]
[EventCountry "GER"]
[SourceTitle "EXT 2019"]
[Source "ChessBase"]
[SourceDate "2018.10.10"]
[SourceVersion "1"]
[SourceVersionDate "2018.10.10"]
[SourceQuality "1"]
[WhiteTeam "Gau Algesheim"]
[BlackTeam "Saarbruecken Gambit"]
[WhiteTeamCountry "GER"]
[BlackTeamCountry "GER"]

1. e4 Nc6 2. d4 e5 3. Nf3 exd4 4. Nxd4 Bc5 5. Be3 Qf6 6. c3 Qg6 7. Nd2 Nf6 8. Qc2 Ng4 9. 0-0-0 Nxe3 10. fxe3 d6 11. Bc4 Bd7 12. Rdf1 Ne5 13. Qb3 Nxc4 14. Nxc4 Bc6 15. Nxc6 bxc6 16. Qa4 0-0 17. Qxc6 Qxg2 18. Qd5 Rae8 19. Nd2 Bxe3 20. Re1 Re5 21. Qd3 Bxd2+ 22. Qxd2 Qxd2+ 23. Kxd2 Rfe8 24. Rhf1 Rxe4 25. Rxe4 Rxe4 26. Rf5 Re5 27. Rf4 g5 28. Ra4 f5 29. Rxa7 f4 30. Rxc7 f3 31. Rc8+ Kg7 32. Rc7+ Kg6 33. Rc8 Re2+ 34. Kd1 Rxb2 35. a4 Rb1+ 36. Kd2 f2 37. Rg8+ Kf7 0-1

[Event "GER-chT U16"]
[Site "Neumarkt in der Oberpfalz"]
[Date "2016.12.29"]
[Round "5.1"]
[White "Ovsepyan, Arshak"]
[Black "Grieb, Lukas"]
[Result "1/2-1/2"]
[WhiteElo "2139"]
[BlackElo "1785"]
[PlyCount "50"]
[EventDate "2016.12.27"]
[EventType "team-swiss"]
[EventRounds "7"]
[EventCountry "GER"]
[SourceTitle "EXT 2018"]
[Source "ChessBase"]
[SourceDate "2017.10.13"]
[SourceVersion "1"]
[SourceVersionDate "2017.10.13"]
[SourceQuality "1"]
[WhiteTeam "Graefelfing"]
[BlackTeam "Gau Algesheim"]
[WhiteTeamCountry "GER"]
[BlackTeamCountry "GER"]

1. d4 d5 2. c4 e6 3. Nc3 Nf6 4. Nf3 Nbd7 5. Bf4 Be7 6. e3 0-0 7. c5 c6 8. Bd3 b6 9. b4 a5 10. a3 Bb7 11. 0-0 Qc8 12. Qc2 Ba6 13. Rfc1 Bxd3 14. Qxd3 Nh5 15. Na4 Nxf4 16. exf4 axb4 17. axb4 bxc5 18. bxc5 Qc7 19. Ne5 Bd8 20. Nb6 Rxa1 21. Rxa1 Nxe5 22. fxe5 Qb7 23. Qa6 Qe7 24. Nc8 Qh4 25. Qa4 f6 1/2-1/2

[Event "GER-chT U16"]
[Site "Neumarkt in der Oberpfalz"]
[Date "2016.12.27"]
[Round "2.1"]
[White "Grieb, Lukas"]
[Black "Wendler, David"]
[Result "0-1"]
[WhiteElo "1785"]
[BlackElo "1970"]
[PlyCount "48"]
[EventDate "2016.12.27"]
[EventType "team-swiss"]
[EventRounds "7"]
[EventCountry "GER"]
[SourceTitle "EXT 2018"]
[Source "ChessBase"]
[SourceDate "2017.10.13"]
[SourceVersion "1"]
[SourceVersionDate "2017.10.13"]
[SourceQuality "1"]
[WhiteTeam "Gau Algesheim"]
[BlackTeam "Bebenhausen"]
[WhiteTeamCountry "GER"]
[BlackTeamCountry "GER"]

1. e4 c5 2. Nf3 Nc6 3. d4 cxd4 4. Nxd4 g6 5. Be3 Nf6 6. Nc3 Bg7 7. h3 0-0 8. Qd2 d5 9. Nxc6 bxc6 10. e5 Ne4 11. Nxe4 dxe4 12. Qc3 Be6 13. Rd1 Qc7 14. Bf4 Rfd8 15. Rxd8+ Rxd8 16. Bb5 c5 17. 0-0 Rd4 18. Re1 Bxe5 19. Bxe5 Qxe5 20. Qa5 Qg5 21. Qxa7 Bxh3 22. Bf1 Be6 23. Qa8+ Kg7 24. Rxe4 Bd5 0-1

[Event "Wiesbaden op 28th"]
[Site "Wiesbaden"]
[Date "2016.08.25"]
[Round "1"]
[White "Grieb, Lukas"]
[Black "Ikonnikov, Vyacheslav"]
[Result "0-1"]
[WhiteElo "1813"]
[BlackElo "2536"]
[PlyCount "66"]
[EventDate "2016.08.25"]
[EventType "swiss"]
[EventRounds "7"]
[EventCountry "GER"]
[SourceTitle "CBM 174 Extra"]
[Source "ChessBase"]
[SourceDate "2016.10.10"]
[SourceVersion "1"]
[SourceVersionDate "2016.10.10"]
[SourceQuality "1"]

1. e4 g6 2. d4 Bg7 3. Nf3 c6 4. Nc3 b5 5. Bf4 d6 6. Qd2 Bg4 7. a3 Bxf3 8. gxf3 Nd7 9. Ne2 c5 10. c3 Ngf6 11. h4 a6 12. Ng3 h5 13. Be2 cxd4 14. cxd4 Nb6 15. Nf1 Nfd7 16. Bg3 Nf8 17. Rd1 Ne6 18. Qb4 0-0 19. e5 Nd5 20. Qd2 Rc8 21. Ne3 dxe5 22. Nxd5 Qxd5 23. dxe5 Qb3 24. Rc1 Rxc1+ 25. Qxc1 Nd4 26. Qc3 Qd5 27. Qd3 Bxe5 28. 0-0 Bxg3 29. fxg3 Qe5 30. Kf2 Rc8 31. Qe3 Qxe3+ 32. Kxe3 Nxe2 33. Kxe2 Rc2+ 0-1

[Event "Oberliga Sued W 1516"]
[Site "Germany"]
[Date "2016.01.31"]
[Round "6.7"]
[White "Scheuermann, Gerhard"]
[Black "Grieb, Lukas"]
[Result "1/2-1/2"]
[WhiteElo "2153"]
[BlackElo "1853"]
[PlyCount "54"]
[EventDate "2015.09.20"]
[EventType "team-tourn"]
[EventRounds "9"]
[EventCountry "GER"]
[SourceTitle "EXT 2017"]
[Source "ChessBase"]
[SourceDate "2016.10.25"]
[SourceVersion "1"]
[SourceVersionDate "2016.10.25"]
[SourceQuality "1"]
[WhiteTeam "Schwarzenbach Caissa"]
[BlackTeam "Gau Algesheim"]
[WhiteTeamCountry "GER"]
[BlackTeamCountry "GER"]

1. e4 c5 2. Nc3 Nc6 3. f4 e6 4. Nf3 Nf6 5. Bb5 Be7 6. Bxc6 bxc6 7. d3 d5 8. e5 Nd7 9. 0-0 0-0 10. b3 Ba6 11. Qe2 Nb6 12. Ba3 c4 13. Bxe7 cxd3 14. Bxd8 dxe2 15. Rfe1 Rfxd8 16. Nxe2 c5 17. c3 h6 18. Rad1 Rac8 19. Rd2 Kf8 20. Kf2 Ke7 21. Ng3 Nd7 22. h3 Bb5 23. Nh5 g6 24. Ng3 a5 25. Nf1 Bxf1 26. Rxf1 c4 27. b4 axb4 1/2-1/2

[Event "GER-chT U16"]
[Site "Lingen"]
[Date "2015.12.30"]
[Round "7.2"]
[White "Neumann, Tiemon"]
[Black "Grieb, Lukas"]
[Result "0-1"]
[WhiteElo "1690"]
[BlackElo "1709"]
[PlyCount "56"]
[EventDate "2015.12.27"]
[EventType "team-swiss"]
[EventRounds "7"]
[EventCountry "GER"]
[SourceTitle "EXT 2017"]
[Source "ChessBase"]
[SourceDate "2016.10.25"]
[SourceVersion "1"]
[SourceVersionDate "2016.10.25"]
[SourceQuality "1"]
[WhiteTeam "Aurich"]
[BlackTeam "Gau Algesheim"]
[WhiteTeamCountry "GER"]
[BlackTeamCountry "GER"]

1. e4 c5 2. Nf3 Nc6 3. d4 cxd4 4. Nxd4 Nf6 5. Nc3 e6 6. Bg5 Be7 7. Qd2 d5 8. Bb5 Bd7 9. Bxc6 Bxc6 10. e5 Nd7 11. Bxe7 Qxe7 12. f4 Nb6 13. b3 a6 14. Qe3 Nd7 15. 0-0 0-0 16. Rae1 g6 17. f5 exf5 18. Rxf5 gxf5 19. Nxf5 Qc5 20. Nd4 Rae8 21. Kh1 Nxe5 22. Qg3+ Ng6 23. Nf5 Rxe1+ 24. Qxe1 d4 25. Nh6+ Kg7 26. b4 Qxc3 27. Nf5+ Kg8 28. Qc1 d3 0-1

[Event "GER-chT U16"]
[Site "Lingen"]
[Date "2015.12.29"]
[Round "5.2"]
[White "Moeller, Hannah Sophie"]
[Black "Grieb, Lukas"]
[Result "1-0"]
[WhiteElo "1772"]
[BlackElo "1709"]
[PlyCount "57"]
[EventDate "2015.12.27"]
[EventType "team-swiss"]
[EventRounds "7"]
[EventCountry "GER"]
[SourceTitle "EXT 2017"]
[Source "ChessBase"]
[SourceDate "2016.10.25"]
[SourceVersion "1"]
[SourceVersionDate "2016.10.25"]
[SourceQuality "1"]
[WhiteTeam "Lingen"]
[BlackTeam "Gau Algesheim"]
[WhiteTeamCountry "GER"]
[BlackTeamCountry "GER"]

1. Nf3 d5 2. g3 c5 3. Bg2 Nf6 4. 0-0 Bg4 5. c3 Nbd7 6. d3 e6 7. Bf4 Be7 8. Na3 a6 9. c4 0-0 10. Ne5 Nh5 11. Nxg4 f5 12. Ne5 g5 13. Nxd7 Qxd7 14. Bd2 f4 15. cxd5 exd5 16. Rb1 Rf6 17. e3 Rh6 18. exf4 gxf4 19. Qf3 Nf6 20. Bxf4 Rg6 21. Be5 Rd8 22. Nc2 Ng4 23. Bf4 d4 24. Qxb7 Qf5 25. Qxe7 Rc8 26. Be4 Qh5 27. h4 Rf6 28. Be5 Rf7 29. Bd5 1-0

[Event "Hofheim Spring op-B 3rd"]
[Site "Hofheim"]
[Date "2015.04.10"]
[Round "6"]
[White "Grieb, Lukas"]
[Black "Niedenthal, Robert"]
[Result "1-0"]
[WhiteElo "1666"]
[BlackElo "1819"]
[PlyCount "85"]
[EventDate "2015.04.07"]
[EventType "swiss"]
[EventRounds "9"]
[EventCountry "GER"]
[SourceTitle "CBM 166 Extra"]
[Source "ChessBase"]
[SourceDate "2015.06.18"]
[SourceVersion "1"]
[SourceVersionDate "2015.06.18"]
[SourceQuality "1"]

1. e4 d5 2. exd5 Nf6 3. d4 Bg4 4. Be2 Bxe2 5. Nxe2 Qxd5 6. 0-0 Nc6 7. b3 e6 8. c4 Qh5 9. Nbc3 Bd6 10. h3 0-0 11. Nb5 Rad8 12. Nxd6 Rxd6 13. Ba3 Rd7 14. Bxf8 Kxf8 15. Qd2 Kg8 16. Rad1 g5 17. Qe3 Ne7 18. Ng3 Qg6 19. Qd3 Qg7 20. Qf3 c6 21. Ne4 Ne8 22. Qe3 h6 23. Nc5 Rc7 24. Qe5 Qg6 25. Qe4 Qg7 26. Rfe1 b6 27. Nd3 Rc8 28. Ne5 Nf6 29. Qf3 h5 30. g4 h4 31. b4 Nh7 32. a4 Nf8 33. b5 Nfg6 34. Nxg6 Qxg6 35. bxc6 Nxc6 36. d5 Nd8 37. Rd4 exd5 38. Re8+ Kg7 39. Qxd5 Ne6 40. Rxc8 Qb1+ 41. Rd1 Qb3 42. Qe5+ Kg6 43. Rg8+ 1-0

[Event "Hofheim Spring op-B 3rd"]
[Site "Hofheim"]
[Date "2015.04.09"]
[Round "4"]
[White "Muehlpfordt, Thomas"]
[Black "Grieb, Lukas"]
[Result "0-1"]
[WhiteElo "1469"]
[BlackElo "1666"]
[PlyCount "69"]
[EventDate "2015.04.07"]
[EventType "swiss"]
[EventRounds "9"]
[EventCountry "GER"]
[SourceTitle "CBM 166 Extra"]
[Source "ChessBase"]
[SourceDate "2015.06.18"]
[SourceVersion "1"]
[SourceVersionDate "2015.06.18"]
[SourceQuality "1"]

1. e4 c5 2. Nf3 Nc6 3. d4 cxd4 4. Nxd4 Nf6 5. Nc3 e6 6. Ndb5 d6 7. Bf4 e5 8. Bg5 a6 9. Bxf6 gxf6 10. Na3 b5 11. Nd5 Be6 12. c3 Rc8 13. Bd3 Bxd5 14. exd5 Ne7 15. c4 Qa5+ 16. Qd2 Qxd2+ 17. Kxd2 bxc4 18. Bxc4 a5 19. Rac1 Bh6+ 20. Ke2 Bxc1 21. Rxc1 Rg8 22. g3 Nf5 23. Bb5+ Ke7 24. Bc6 Nd4+ 25. Ke3 f5 26. Nb1 Rc7 27. Rc3 Rb8 28. Ba4 Rxc3+ 29. bxc3 Rxb1 30. cxd4 exd4+ 31. Kf3 Kf6 32. Bb3 Ke5 33. h3 h5 34. Kg2 Rxb3 35. axb3 0-1

[Event "Hofheim Spring op-B 3rd"]
[Site "Hofheim"]
[Date "2015.04.08"]
[Round "3"]
[White "Grieb, Lukas"]
[Black "Fernandez Garcia, Alfonso Javier"]
[Result "1-0"]
[WhiteElo "1666"]
[BlackElo "1605"]
[PlyCount "84"]
[EventDate "2015.04.07"]
[EventType "swiss"]
[EventRounds "9"]
[EventCountry "GER"]
[SourceTitle "CBM 166 Extra"]
[Source "ChessBase"]
[SourceDate "2015.06.18"]
[SourceVersion "1"]
[SourceVersionDate "2015.06.18"]
[SourceQuality "1"]

1. e4 e6 2. d4 d5 3. Nc3 c5 4. dxc5 d4 5. Bb5+ Nc6 6. Bxc6+ bxc6 7. Nce2 Bxc5 8. Nf3 Ne7 9. Nfxd4 Qb6 10. 0-0 Ba6 11. Nb3 Rd8 12. Bd2 Bb4 13. c3 Bd6 14. Re1 0-0 15. Qc2 Ng6 16. Be3 Qb8 17. h3 Bc7 18. Ned4 Qa8 19. Nc5 Bc8 20. Rad1 Bb6 21. Nd3 Bb7 22. Nb3 f5 23. exf5 Rxf5 24. Ndc5 Bc8 25. Rxd8+ Bxd8 26. Bd4 e5 27. Be3 Rh5 28. Qd1 Bxh3 29. Qxh5 Bc8 30. Rd1 Be7 31. Qe2 Bf5 32. Qc4+ Kh8 33. Qf7 Qc8 34. Qc4 h6 35. Qa6 Qe8 36. Nd2 Nh4 37. Nce4 Qg6 38. Ng3 Bd3 39. Qc8+ Kh7 40. Nf3 Nxf3+ 41. gxf3 Bh4 42. Qg4 Qf6 1-0

[Event "GER-chT U16"]
[Site "Magdeburg"]
[Date "2014.12.28"]
[Round "3.2"]
[White "Grieb, Lukas"]
[Black "Mueller, Tobias"]
[Result "1-0"]
[WhiteElo "1629"]
[BlackElo "1473"]
[PlyCount "41"]
[EventDate "2014.12.27"]
[EventType "team-swiss"]
[EventRounds "7"]
[EventCountry "GER"]
[SourceTitle "EXT 2016"]
[Source "ChessBase"]
[SourceDate "2015.10.08"]
[SourceVersion "1"]
[SourceVersionDate "2015.10.08"]
[SourceQuality "1"]
[WhiteTeam "Gau Algesheim"]
[BlackTeam "Gernsheim"]
[WhiteTeamCountry "GER"]
[BlackTeamCountry "GER"]

1. e4 e5 2. Nf3 Nc6 3. Bc4 Nf6 4. Ng5 d5 5. exd5 b5 6. Bxb5 Qxd5 7. Bxc6+ Qxc6 8. Qf3 e4 9. Qb3 Bc5 10. Qxf7+ Kd8 11. 0-0 Ba6 12. Qe6 Qxe6 13. Nxe6+ Ke7 14. Nxc5 Bxf1 15. Kxf1 Rhf8 16. Nc3 Ng4 17. N5xe4 Nxh2+ 18. Kg1 Ng4 19. d3 h6 20. b3 Ne5 21. Ba3+ 1-0

[Event "GER-chT U14"]
[Site "Magdeburg"]
[Date "2013.12.27"]
[Round "1.3"]
[White "Grieb, Lukas"]
[Black "Kreutzmann, Duke"]
[Result "1-0"]
[WhiteElo "1570"]
[BlackElo "1440"]
[PlyCount "45"]
[EventDate "2013.12.27"]
[EventType "team-swiss"]
[EventRounds "4"]
[EventCountry "GER"]
[SourceTitle "EXT 2015"]
[Source "ChessBase"]
[SourceDate "2014.11.20"]
[SourceVersion "1"]
[SourceVersionDate "2014.11.20"]
[SourceQuality "1"]
[WhiteTeam "Gau Algesheim"]
[BlackTeam "Rheinhausen"]
[WhiteTeamCountry "GER"]
[BlackTeamCountry "GER"]

1. e4 e6 2. d4 d5 3. Nc3 dxe4 4. Nxe4 Bd7 5. Nf3 Bc6 6. Bd3 Nd7 7. 0-0 Ngf6 8. Re1 Be7 9. Bf4 0-0 10. Nxf6+ Nxf6 11. Ne5 Qd5 12. Nxc6 Qxc6 13. Re3 Rad8 14. Rh3 Rxd4 15. Bxh7+ Nxh7 16. Qxd4 Rd8 17. Qc3 Qe4 18. Qxc7 Bf6 19. Re3 Qb4 20. Be5 Bg5 21. Rf1 Nf8 22. Rg3 Rd7 23. Qc3 1-0

[Event "Gau Algesheim op 1st"]
[Site "Gau Algesheim"]
[Date "2013.08.17"]
[Round "3"]
[White "Grieb, Lukas"]
[Black "Hipler, Andreas"]
[Result "0-1"]
[WhiteElo "1599"]
[BlackElo "1860"]
[PlyCount "86"]
[EventDate "2013.08.16"]
[EventType "swiss"]
[EventRounds "5"]
[EventCountry "GER"]
[SourceTitle "EXT 2015"]
[Source "ChessBase"]
[SourceDate "2014.11.20"]
[SourceVersion "1"]
[SourceVersionDate "2014.11.20"]
[SourceQuality "1"]

1. e4 d5 2. exd5 Qxd5 3. Nc3 Qd6 4. d4 Nf6 5. Nf3 c6 6. Bc4 Bg4 7. Be3 e6 8. Qe2 Nbd7 9. 0-0 Qc7 10. h3 h5 11. d5 Bxf3 12. Qxf3 exd5 13. Rfe1 0-0-0 14. Bd3 Kb8 15. a4 Ne5 16. Qg3 Nxd3 17. Qxc7+ Kxc7 18. cxd3 d4 19. Bf4+ Bd6 20. Bxd6+ Rxd6 21. Ne4 Re6 22. Ng5 Rxe1+ 23. Rxe1 Re8 24. Rxe8 Nxe8 25. Nxf7 Kb6 26. Nd8 Ka5 27. Nxb7+ Kxa4 28. Kf1 Nc7 29. Ke2 Ne6 30. Kf3 Kb3 31. Na5+ Kxb2 32. Nxc6 Kc3 33. Nxa7 Kxd3 34. g4 h4 35. Nc6 Ng5+ 36. Kg2 Ke4 37. Nxd4 Kxd4 38. f4 Ke3 39. fxg5 g6 40. Kf1 Kf3 41. Ke1 Kg3 42. Ke2 Kxh3 43. Kf3 Kh2 0-1

[Event "Rheinland Pfalz op 5th"]
[Site "Worms"]
[Date "2013.06.01"]
[Round "5"]
[White "Weller, Werner"]
[Black "Grieb, Lukas"]
[Result "1-0"]
[WhiteElo "1920"]
[BlackElo "1599"]
[PlyCount "107"]
[EventDate "2013.05.30"]
[EventType "swiss"]
[EventRounds "7"]
[EventCountry "GER"]
[SourceTitle "EXT 2014"]
[Source "ChessBase"]
[SourceDate "2013.11.20"]
[SourceVersion "1"]
[SourceVersionDate "2013.11.20"]
[SourceQuality "1"]

1. d4 d5 2. Nf3 e6 3. c4 c6 4. cxd5 exd5 5. Nc3 Nf6 6. g3 Bf5 7. Qb3 Qc7 8. Bg2 Bd6 9. Bd2 Nbd7 10. Rc1 Qb6 11. Qxb6 axb6 12. Nh4 Be6 13. f4 Nb8 14. f5 Bd7 15. a3 0-0 16. Bg5 Nh5 17. Bf3 Nxg3 18. hxg3 Bxg3+ 19. Kd2 Bxh4 20. Bxh4 Bxf5 21. Rcg1 Re8 22. Rf1 Bg6 23. Bg4 f6 24. Bg3 Bf7 25. e3 Be6 26. Bxe6+ Rxe6 27. Bxb8 Rxb8 28. Na4 Rbe8 29. Rf3 b5 30. Nc5 R6e7 31. Ke2 b6 32. Na6 Kf7 33. Kf2 h6 34. Nb4 Re6 35. Rc1 Rc8 36. Nxd5 c5 37. Nf4 Rec6 38. d5 Rd6 39. e4 g5 40. Nh5 Kg6 41. Ng3 Re8 42. Re1 Re5 43. Nf5 Rd7 44. d6 h5 45. Rd3 g4 46. Kg3 Kg5 47. Re2 Re6 48. Rd5 Re5 49. Rxe5 fxe5 50. Rd2 Rd8 51. Rd5 Re8 52. d7 h4+ 53. Nxh4 Rd8 54. Rd6 1-0

[Event "GER-chT U14"]
[Site "Magdeburg"]
[Date "2012.12.29"]
[Round "6.2"]
[White "Grieb, Lukas"]
[Black "Maier, Lukas"]
[Result "1-0"]
[WhiteElo "1636"]
[BlackElo "1693"]
[PlyCount "90"]
[EventDate "2012.12.27"]
[EventType "team-swiss"]
[EventRounds "7"]
[EventCountry "GER"]
[SourceTitle "EXT 2014"]
[Source "ChessBase"]
[SourceDate "2013.11.20"]
[SourceVersion "1"]
[SourceVersionDate "2013.11.20"]
[SourceQuality "1"]
[WhiteTeam "Gau Algesheim"]
[BlackTeam "Backnang"]
[WhiteTeamCountry "GER"]
[BlackTeamCountry "GER"]

1. e4 e5 2. Nf3 Nc6 3. Bc4 Bc5 4. Nc3 d6 5. d3 Bg4 6. Be3 Bb6 7. Qd2 Nf6 8. 0-0-0 Nd4 9. Bxd4 Bxd4 10. h3 Bxf3 11. gxf3 c6 12. Rhg1 g6 13. f4 b5 14. Bb3 Qb6 15. Rgf1 a5 16. fxe5 dxe5 17. a4 Nd7 18. axb5 cxb5 19. Nd5 Qd6 20. f4 0-0 21. fxe5 Bxe5 22. d4 Bg7 23. e5 Qb8 24. Ne7+ Kh8 25. Qg5 Qe8 26. e6 fxe6 27. Bxe6 Bf6 28. Nxg6+ Qxg6 29. Qxg6 hxg6 30. Bxd7 b4 31. Ba4 Kg7 32. Kb1 Rh8 33. Rd3 Rad8 34. d5 Rh5 35. d6 Kf7 36. d7 Re5 37. Rdf3 Rf5 38. Rxf5 gxf5 39. Rxf5 Ke6 40. Rxa5 Rh8 41. Rc5 Rxh3 42. Rc6+ Kxd7 43. Rc3+ Kd6 44. Rxh3 Kc5 45. b3 Kd6 1-0

[Event "GER-chT U14"]
[Site "Magdeburg"]
[Date "2012.12.27"]
[Round "1.2"]
[White "Shankar, Ajay"]
[Black "Grieb, Lukas"]
[Result "0-1"]
[WhiteElo "1556"]
[BlackElo "1636"]
[PlyCount "34"]
[EventDate "2012.12.27"]
[EventType "team-swiss"]
[EventRounds "7"]
[EventCountry "GER"]
[SourceTitle "EXT 2014"]
[Source "ChessBase"]
[SourceDate "2013.11.20"]
[SourceVersion "1"]
[SourceVersionDate "2013.11.20"]
[SourceQuality "1"]
[WhiteTeam "Hohentuebingen"]
[BlackTeam "Gau Algesheim"]
[WhiteTeamCountry "GER"]
[BlackTeamCountry "GER"]

1. d4 Nf6 2. c4 c5 3. e3 d6 4. Nc3 Bf5 5. Nf3 Nbd7 6. Be2 Qc7 7. 0-0 g6 8. h3 h5 9. d5 Ne5 10. b3 Qd7 11. Ng5 Bh6 12. e4 Bxg5 13. Bxg5 Bxh3 14. Bxf6 exf6 15. gxh3 Qxh3 16. Nb5 Ng4 17. Bxg4 hxg4 0-1

[Event "Rheinland Pfalz op 3rd"]
[Site "Gau Algesheim"]
[Date "2011.08.01"]
[Round "6"]
[White "Baumann, Bettina"]
[Black "Grieb, Lukas"]
[Result "1-0"]
[WhiteElo "1489"]
[BlackElo "1652"]
[PlyCount "53"]
[EventDate "2011.07.28"]
[EventType "swiss"]
[EventRounds "7"]
[EventCountry "GER"]
[SourceTitle "EXT 2013"]
[Source "ChessBase"]
[SourceDate "2012.11.22"]
[SourceVersion "1"]
[SourceVersionDate "2012.11.22"]
[SourceQuality "1"]

1. d4 d5 2. c4 e6 3. e3 c6 4. Nc3 Nf6 5. Nf3 Nbd7 6. Bd3 Be7 7. 0-0 0-0 8. a3 b6 9. cxd5 Nxd5 10. Nxd5 cxd5 11. Bd2 Bb7 12. Rc1 Rc8 13. Qa4 a5 14. Rxc8 Qxc8 15. Rc1 Qd8 16. Qb3 Qb8 17. Bb5 Nf6 18. Bc6 Rc8 19. Qxb6 Bxc6 20. Rxc6 Qxb6 21. Rxb6 a4 22. g3 h6 23. Bb4 Bxb4 24. Rxb4 Rc4 25. Rxc4 dxc4 26. Nd2 Kf8 27. Nxc4 1-0

[Event "Rheinland Pfalz op 3rd"]
[Site "Gau Algesheim"]
[Date "2011.07.30"]
[Round "4"]
[White "Stridde, Peter"]
[Black "Grieb, Lukas"]
[Result "1-0"]
[WhiteElo "2052"]
[BlackElo "1652"]
[PlyCount "31"]
[EventDate "2011.07.28"]
[EventType "swiss"]
[EventRounds "7"]
[EventCountry "GER"]
[SourceTitle "EXT 2013"]
[Source "ChessBase"]
[SourceDate "2012.11.22"]
[SourceVersion "1"]
[SourceVersionDate "2012.11.22"]
[SourceQuality "1"]

1. Nf3 c5 2. Nc3 e6 3. d4 cxd4 4. Nxd4 Nc6 5. Bf4 Nxd4 6. Qxd4 Nf6 7. 0-0-0 Be7 8. Nb5 0-0 9. Bc7 Qe8 10. Nd6 Bxd6 11. Bxd6 e5 12. Qa4 b5 13. Qxb5 Ne4 14. Qd5 Nxd6 15. Qxa8 Qe6 16. Qd5 1-0

[Event "Rheinland Pfalz op 2nd"]
[Site "Schweich"]
[Date "2010.07.16"]
[Round "3"]
[White "Busch, Florian"]
[Black "Grieb, Lukas"]
[Result "1-0"]
[WhiteElo "1738"]
[BlackElo "1149"]
[PlyCount "127"]
[EventDate "2010.07.16"]
[EventType "swiss"]
[EventRounds "7"]
[EventCountry "GER"]
[SourceTitle "EXT 2012"]
[Source "ChessBase"]
[SourceDate "2011.11.24"]
[SourceVersion "1"]
[SourceVersionDate "2011.11.24"]
[SourceQuality "1"]

1. e4 c5 2. Nf3 Nc6 3. d4 cxd4 4. Nxd4 Qb6 5. Nxc6 bxc6 6. Nc3 Nf6 7. e5 Ng8 8. Bc4 e6 9. 0-0 Bc5 10. Na4 Qa5 11. Bb3 Ne7 12. Bd2 Bb4 13. Bxb4 Qxb4 14. Re1 Nf5 15. Nc3 h5 16. h3 g5 17. Re4 Qe7 18. Ne2 f6 19. Ng3 Nxg3 20. fxg3 Qc5+ 21. Kh2 fxe5 22. Qd2 g4 23. Qg5 Qf8 24. Qg6+ Qf7 25. Qxf7+ Kxf7 26. Rxe5 gxh3 27. gxh3 Ke7 28. Rf1 Ba6 29. Rf4 Raf8 30. Rxf8 Kxf8 31. Ra5 Be2 32. Rxa7 Ke7 33. Ra4 Kd6 34. Rd4+ Ke7 35. Rh4 Kd6 36. Rd4+ Ke7 37. Bc4 Bxc4 38. Rxc4 Rf8 39. Kg2 Kd6 40. Rh4 Rf5 41. g4 hxg4 42. hxg4 Rc5 43. c3 Rb5 44. b4 c5 45. Rh5 e5 46. a3 cxb4 47. axb4 Ke6 48. Rh6+ Kf7 49. Kf3 d5 50. Ra6 d4 51. Ra5 Rb7 52. cxd4 exd4 53. b5 Kg6 54. Ke4 Kg5 55. Kxd4 Kxg4 56. Kc5 Kf5 57. Kc6 Rb8 58. b6+ Ke6 59. b7 Ke7 60. Ra8 Rxb7 61. Kxb7 Kd7 62. Ra1 Kd6 63. Rc1 Kd5 64. Kb6 1-0